000 00570nam a2200169Ia 4500
008 110201s9999 xx 000 0 und d
082 _bB2850
_aKS 573
100 _aतेंडूलकर प्रिया
245 _aपंचतारांकित
260 _bडिंपल पब्लिकेशन
365 _b60
600 _aतेंडूलकर प्रिया
630 _aपंचतारांकित
700 _aतेंडूलकर प्रिया
730 _aपंचतारांकित
942 _cBOOK
999 _c829654
_d829651